<?xml version="1.0" encoding="UTF-8"?>
<record
    xmlns:xsi="http://www.w3.org/2001/XMLSchema-instance"
    xsi:schemaLocation="http://www.loc.gov/MARC21/slim http://www.loc.gov/standards/marcxml/schema/MARC21slim.xsd"
    xmlns="http://www.loc.gov/MARC21/slim">

  <leader>00833nam a2200217 a 4500</leader>
  <controlfield tag="001">BRCA_520</controlfield>
  <controlfield tag="005">20190320203038.0</controlfield>
  <controlfield tag="008">720906s1972    nyua     c    000 0 eng</controlfield>
  <datafield tag="040" ind1=" " ind2=" ">
    <subfield code="a">DLC</subfield>
    <subfield code="c">DLC</subfield>
    <subfield code="d">DLC</subfield>
  </datafield>
  <datafield tag="050" ind1=" " ind2="4">
    <subfield code="a">GT605</subfield>
    <subfield code="b">.C65 1972</subfield>
  </datafield>
  <datafield tag="100" ind1="1" ind2=" ">
    <subfield code="a">Coleman, Elizabeth Ann</subfield>
    <subfield code="9">1790</subfield>
  </datafield>
  <datafield tag="245" ind1="1" ind2="0">
    <subfield code="a">Changing fashions</subfield>
    <subfield code="b">1800-1970</subfield>
    <subfield code="c">Elizabeth Ann Coleman.</subfield>
  </datafield>
  <datafield tag="260" ind1=" " ind2=" ">
    <subfield code="a">[Brooklyn]</subfield>
    <subfield code="b">The Brooklyn Museum</subfield>
    <subfield code="c">[1972]</subfield>
  </datafield>
  <datafield tag="300" ind1=" " ind2=" ">
    <subfield code="a">[71] p.</subfield>
    <subfield code="b">il.</subfield>
    <subfield code="c">26 cm.</subfield>
  </datafield>
  <datafield tag="500" ind1=" " ind2=" ">
    <subfield code="a">Issued in conjunction with the inaugural installation in the newly designed Costume Galleries of The Brooklyn Museum</subfield>
  </datafield>
  <datafield tag="610" ind1="2" ind2="4">
    <subfield code="a">Brooklyn Museum of Art (Nueva York)</subfield>
    <subfield code="x">Salas de exposici&#xF3;n permanente</subfield>
    <subfield code="9">1791</subfield>
  </datafield>
  <datafield tag="650" ind1="1" ind2="4">
    <subfield code="a">Prendas de vestir</subfield>
    <subfield code="v">Cat&#xE1;logos</subfield>
    <subfield code="x">Historia</subfield>
    <subfield code="z">Estados Unidos</subfield>
    <subfield code="9">1792</subfield>
  </datafield>
  <datafield tag="650" ind1="1" ind2="4">
    <subfield code="a">Moda</subfield>
    <subfield code="y">Siglo XIX-XX</subfield>
    <subfield code="z">Estados Unidos</subfield>
    <subfield code="9">1793</subfield>
  </datafield>
  <datafield tag="653" ind1="0" ind2=" ">
    <subfield code="a">Indumentaria</subfield>
  </datafield>
  <datafield tag="942" ind1=" " ind2=" ">
    <subfield code="2">lcc</subfield>
    <subfield code="c">B</subfield>
  </datafield>
  <datafield tag="999" ind1=" " ind2=" ">
    <subfield code="c">452</subfield>
    <subfield code="d">452</subfield>
  </datafield>
  <datafield tag="952" ind1=" " ind2=" ">
    <subfield code="0">0</subfield>
    <subfield code="1">0</subfield>
    <subfield code="4">0</subfield>
    <subfield code="7">0</subfield>
    <subfield code="a">BRCA</subfield>
    <subfield code="b">BRCA</subfield>
    <subfield code="d">2008-06-25</subfield>
    <subfield code="l">0</subfield>
    <subfield code="o">GT605 .C65 1972</subfield>
    <subfield code="p">00835</subfield>
    <subfield code="r">2019-03-22 00:00:00</subfield>
    <subfield code="w">2019-03-22</subfield>
    <subfield code="y">B</subfield>
  </datafield>
</record>
